000 00894nam2a22002651 4500
001 rc\494094
005 20030616171604.2
010 _a5-06-001388-X
_975000
035 _a(NLR Aleph) 005817285
090 _a5443344
_c5443344
100 _a20030616d1988 u |0rusy50 ca
101 0 _arus
102 _aRU
105 _aa |||||||||
200 1 _aСредства отладки
_fЛ.Л. Муренко, Е.А. Иванов
_gПод ред. В.А. Шахнова
210 _d1988
215 _a159, [1] с.
_cил.
320 _aБиблиогр.: с. 156 (11 назв.)
461 0 _1001rc\494090
_12001#$aМикропроцессоры$e[Учеб. пособие для сред. ПТУ]$vКн. 4
701 1 _aМуренко
_bЛ. Л.
_gЛеонид Леонтьевич
801 0 _aRU
_bNLR
_gpsbo
801 1 _aRU
_bELAR
_2rusmarc
852 _aNLR
_j88-3/2299
942 _cBOOK
980 _aNB